[Event "Berlin Lichtenberger op 9th"]
[Site "Berlin"]
[Date "2010.08.11"]
[Round "5"]
[White "Ewald, Patrick"]
[Black "Popp, Maximilian"]
[Result "1-0"]
[WhiteElo "1890"]
[BlackElo "1705"]
[PlyCount "37"]
[EventDate "2010.08.07"]
[EventType "swiss"]
[EventRounds "9"]
[EventCountry "GER"]
[SourceTitle "CBM 137 Extra"]
[Source "ChessBase"]
[SourceDate "2010.09.01"]
[SourceVersion "1"]
[SourceVersionDate "2010.09.01"]
[SourceQuality "1"]

1. e4 e6 2. d3 c5 3. Nf3 a6 4. Nbd2 b5 5. a4 Bb7 6. Be2 d5 7. c3 Be7 8. 0-0 h5 9. Ne5 Qc7 10. d4 c4 11. exd5 Bxd5 12. Bf3 Qb7 13. Bxd5 Qxd5 14. Qf3 Qxf3 15. Nexf3 bxa4 16. Nxc4 Nc6 17. Rxa4 Nf6 18. Bg5 Bd8 19. Rfa1 1-0

[Event "Berlin Lichtenberger op 9th"]
[Site "Berlin"]
[Date "2010.08.10"]
[Round "4"]
[White "Heuer, Thomas"]
[Black "Ewald, Patrick"]
[Result "1-0"]
[WhiteElo "2152"]
[BlackElo "1890"]
[PlyCount "85"]
[EventDate "2010.08.07"]
[EventType "swiss"]
[EventRounds "9"]
[EventCountry "GER"]
[SourceTitle "CBM 137 Extra"]
[Source "ChessBase"]
[SourceDate "2010.09.01"]
[SourceVersion "1"]
[SourceVersionDate "2010.09.01"]
[SourceQuality "1"]

1. d4 Nf6 2. Nf3 e6 3. e3 c5 4. c3 d5 5. Nbd2 Nbd7 6. Bd3 Bd6 7. 0-0 0-0 8. Re1 e5 9. dxe5 Nxe5 10. Nxe5 Bxe5 11. e4 Bxh2+ 12. Kxh2 Ng4+ 13. Kg3 h5 14. f4 g5 15. Nf1 c4 16. Bc2 Qb6 17. Qd4 gxf4+ 18. Bxf4 Qg6 19. Kf3 Nf6 20. Kf2 Re8 21. Ng3 h4 22. Nf5 dxe4 23. Ne3 Be6 24. Rad1 Ng4+ 25. Nxg4 Bxg4 26. Rxe4 Bf5 27. Rxe8+ Rxe8 28. Bxf5 Qxf5 29. Re1 Rxe1 30. Kxe1 Qb1+ 31. Kf2 Qxb2+ 32. Kf3 Qc2 33. Qd8+ Kg7 34. Qg5+ Kh7 35. Qxh4+ Kg8 36. Qd8+ Kh7 37. Qh4+ Kg8 38. Qd8+ Kh7 39. Qd2 Qf5 40. g4 Qc8 41. Qd5 Kg6 42. Qh5+ Kf6 43. Qg5+ 1-0

[Event "Berlin op 04"]
[Site "Berlin"]
[Date "2006.04.19"]
[Round "5"]
[White "Ewald, Patrick"]
[Black "Kunz, Andre"]
[Result "1-0"]
[WhiteElo "1907"]
[BlackElo "1686"]
[PlyCount "49"]
[EventDate "2006.04.14"]
[EventType "swiss"]
[EventRounds "9"]
[EventCountry "GER"]
[SourceTitle "EXT 2007"]
[Source "ChessBase"]
[SourceDate "2006.11.23"]
[SourceVersion "1"]
[SourceVersionDate "2006.11.23"]
[SourceQuality "1"]

1. d4 Nf6 2. Bg5 Ne4 3. Bf4 c5 4. e3 Qa5+ 5. c3 d5 6. Bd3 cxd4 7. exd4 Nf6 8. Nf3 Bg4 9. Qb3 b6 10. Bb5+ Bd7 11. Na3 a6 12. Bxd7+ Nbxd7 13. Nc2 e6 14. a4 Be7 15. Nb4 Rc8 16. 0-0 0-0 17. Nd3 Ra8 18. Bc7 Ne4 19. Nb4 Ndc5 20. Qc2 Nxa4 21. Nc6 Qb5 22. Nxe7+ Kh8 23. Qxa4 Qxb2 24. Rab1 Qxc3 25. Bxb6 1-0

[Event "Berlin op 03"]
[Site "Berlin"]
[Date "2005.04.03"]
[Round "9"]
[White "Ewald, Patrick"]
[Black "Grbic, Zlatko"]
[Result "1-0"]
[WhiteElo "1869"]
[BlackElo "1808"]
[PlyCount "89"]
[EventDate "2005.03.25"]
[EventType "swiss"]
[EventRounds "9"]
[EventCountry "GER"]
[SourceTitle "EXT 2007"]
[Source "ChessBase"]
[SourceDate "2006.11.23"]
[SourceVersion "1"]
[SourceVersionDate "2006.11.23"]
[SourceQuality "1"]

1. d4 d5 2. Bg5 h6 3. Bh4 Bf5 4. e3 Nf6 5. Bxf6 exf6 6. c4 Bxb1 7. Qxb1 Bb4+ 8. Kd1 dxc4 9. Qe4+ Be7 10. Qxb7 Nd7 11. Bxc4 0-0 12. Bb3 Nc5 13. Qd5 Nxb3 14. Qxb3 Rb8 15. Qc2 c5 16. Nf3 cxd4 17. Nxd4 Rc8 18. Qd2 Qd5 19. f3 Rfd8 20. b3 Ba3 21. Rb1 a5 22. Ke2 Bb4 23. Qd1 Rc3 24. Rc1 Rxe3+ 25. Kxe3 Qe5+ 26. Kf2 Rxd4 27. Rc8+ Kh7 28. Qc2+ g6 29. Rd1 Rd5 30. g3 Bc5+ 31. Kg2 Rxd1 32. Qxd1 Qe3 33. Qd5 Qf2+ 34. Kh3 Qf1+ 35. Kh4 g5+ 36. Kg4 h5+ 37. Kf5 Qb1+ 38. Kxf6 Qg6+ 39. Ke5 Be7 40. Qe4 f6+ 41. Kd5 Qxe4+ 42. fxe4 Bb4 43. Ke6 Kg7 44. Kf5 Bd6 45. Ra8 1-0

[Event "Berlin op 03"]
[Site "Berlin"]
[Date "2005.03.30"]
[Round "5"]
[White "Ewald, Patrick"]
[Black "Stielau, Jens Uwe"]
[Result "1/2-1/2"]
[WhiteElo "1869"]
[BlackElo "1956"]
[PlyCount "89"]
[EventDate "2005.03.25"]
[EventType "swiss"]
[EventRounds "9"]
[EventCountry "GER"]
[SourceTitle "EXT 2007"]
[Source "ChessBase"]
[SourceDate "2006.11.23"]
[SourceVersion "1"]
[SourceVersionDate "2006.11.23"]
[SourceQuality "1"]

1. d4 d6 2. Bg5 h6 3. Bh4 g5 4. Bg3 Bg7 5. e3 c5 6. c3 Qb6 7. Qd2 Nf6 8. Bd3 Nh5 9. Ne2 Nc6 10. Na3 cxd4 11. exd4 d5 12. 0-0 Bf6 13. Nc2 Be6 14. a4 Na5 15. Bb5+ Kf8 16. Qe3 Bf5 17. Nb4 Qe6 18. Bc7 Nc6 19. Nxc6 bxc6 20. Qxe6 Bxe6 21. Ba6 Bc8 22. Bd3 Ng7 23. f4 g4 24. Be5 Bf5 25. Rad1 Bxd3 26. Rxd3 Nf5 27. Ng3 Nxg3 28. Rxg3 Bxe5 29. fxe5 Rg8 30. Rf5 a5 31. e6 f6 32. c4 Rg5 33. Rxg5 hxg5 34. cxd5 cxd5 35. Rc3 f5 36. Rc5 Kg7 37. Rxd5 Kf6 38. Rb5 Kxe6 39. Kf1 Rc8 40. Rxa5 Rc1+ 41. Ke2 Rc2+ 42. Kd3 Rxb2 43. Re5+ Kf6 44. a5 g3 45. hxg3 1/2-1/2

[Event "Berlin op 04"]
[Site "Berlin"]
[Date "2004.04.16"]
[Round "7"]
[White "Iwinski, Grzegorz"]
[Black "Ewald, Patrick"]
[Result "1-0"]
[WhiteElo "1997"]
[BlackElo "1917"]
[PlyCount "107"]
[EventDate "2004.04.10"]
[EventType "swiss"]
[EventRounds "9"]
[EventCountry "GER"]
[SourceTitle "EXT 2007"]
[Source "ChessBase"]
[SourceDate "2006.11.23"]
[SourceVersion "1"]
[SourceVersionDate "2006.11.23"]
[SourceQuality "1"]

1. Nf3 d5 2. c4 e6 3. g3 Nf6 4. Bg2 Bd6 5. 0-0 0-0 6. b3 c5 7. cxd5 exd5 8. Bb2 Bf5 9. d4 Nc6 10. Na3 Qe7 11. Nb5 cxd4 12. Nxd6 Qxd6 13. Nxd4 Nxd4 14. Qxd4 Qe6 15. e3 Bh3 16. Rfc1 Bxg2 17. Kxg2 b6 18. Qf4 Qe4+ 19. f3 Qxf4 20. gxf4 Rfc8 21. Bxf6 gxf6 22. Kf2 Kf8 23. Ke2 Rc5 24. Rxc5 bxc5 25. Rd1 Rd8 26. e4 Ke7 27. Ke3 f5 28. e5 Ke6 29. Rc1 Rc8 30. Kd3 a5 31. a3 Rb8 32. Rxc5 Rxb3+ 33. Rc3 Rb2 34. Rc6+ Ke7 35. h4 Ra2 36. Rc3 h5 37. Kd4 Rd2+ 38. Ke3 Rh2 39. Rc5 Ke6 40. Rxa5 Rxh4 41. Ra6+ Ke7 42. a4 Rh2 43. Rd6 Ra2 44. Rxd5 Rxa4 45. Rd6 Ra2 46. Rh6 Rh2 47. Rf6 h4 48. Rxf5 h3 49. Rh5 Kf8 50. f5 Rh1 51. Kf2 Kg7 52. Kg3 Re1 53. f4 Re3+ 54. Kg4 1-0

[Event "Berlin op 04"]
[Site "Berlin"]
[Date "2004.04.14"]
[Round "5"]
[White "Andersen, Knut"]
[Black "Ewald, Patrick"]
[Result "1/2-1/2"]
[WhiteElo "2026"]
[BlackElo "1917"]
[PlyCount "139"]
[EventDate "2004.04.10"]
[EventType "swiss"]
[EventRounds "9"]
[EventCountry "GER"]
[SourceTitle "EXT 2007"]
[Source "ChessBase"]
[SourceDate "2006.11.23"]
[SourceVersion "1"]
[SourceVersionDate "2006.11.23"]
[SourceQuality "1"]

1. d4 d5 2. c4 e6 3. Nc3 Nf6 4. Bg5 Be7 5. e3 0-0 6. Nf3 Nbd7 7. Qc2 b6 8. cxd5 exd5 9. Nb5 Bb7 10. Bf4 Ne8 11. Bd3 h6 12. Bxc7 Nxc7 13. Qxc7 Qxc7 14. Nxc7 Rac8 15. Nb5 Bb4+ 16. Ke2 a6 17. a3 Be7 18. Nc3 Rc7 19. Kd2 b5 20. Ne2 Nb6 21. b3 Rfc8 22. Bf5 Rd8 23. Rhc1 Rxc1 24. Kxc1 a5 25. Nc3 b4 26. axb4 Bxb4 27. Kb2 g6 28. Bd3 Rc8 29. Rc1 a4 30. Na2 a3+ 31. Kb1 Rxc1+ 32. Kxc1 Bd6 33. h3 Nc8 34. Kc2 Bc6 35. Nd2 Na7 36. Nb1 Bd7 37. Nbc3 Nc6 38. Nxd5 Be6 39. Ndc3 Nb4+ 40. Nxb4 Bxb4 41. Na2 Be1 42. f3 Bf2 43. Bc4 Bxe3 44. Kd3 Bf2 45. b4 Bd7 46. b5 Kf8 47. Kc3 Ke7 48. Nc1 Kd6 49. Bxf7 Bxb5 50. Bxg6 Bf1 51. g4 Bxh3 52. Bd3 Bg2 53. Be2 Kd5 54. Bc4+ Kd6 55. Be2 Kd5 56. Nb3 Be1+ 57. Kc2 Bf2 58. Kc3 Be1+ 59. Kd3 Bf2 60. Na1 Bxd4 61. Nc2 Bb2 62. Ne3+ Kc5 63. Kc2 Bd4 64. Nf5 a2 65. Nxd4 Kxd4 66. Kb2 Ke3 67. Bd1 a1B+ 68. Kxa1 Bxf3 69. Ba4 Bxg4 70. Be8 1/2-1/2

[Event "GER Schools Cup g/7'+3\""]
[Site "Playchess.com INT"]
[Date "2004.01.23"]
[Round "1"]
[White "Ewald, Patrick"]
[Black "Claus, Thomas"]
[Result "1-0"]
[WhiteElo "1727"]
[BlackElo "2064"]
[PlyCount "42"]
[EventDate "2004.01.23"]
[EventType "team (blitz)"]
[EventRounds "12"]
[EventCountry "GER"]
[SourceTitle "EXT 2005"]
[Source "ChessBase"]
[SourceDate "2004.11.15"]
[SourceVersion "1"]
[SourceVersionDate "2004.11.15"]
[SourceQuality "1"]

1. d4 Nf6 2. Bg5 e6 3. e4 Be7 4. Nd2 d6 5. f4 0-0 6. Ngf3 h6 7. Bxf6 Bxf6 8. c3 c5 9. Nb3 b6 10. Bd3 Bb7 11. 0-0 c4 12. Bxc4 Bxe4 13. Bd3 Bxd3 14. Qxd3 Nd7 15. Rfe1 Rc8 16. Rad1 Qc7 17. f5 e5 18. dxe5 Nxe5 19. Qxd6 Nxf3+ 20. gxf3 Qc4 21. Re4 Qa6 1-0